Punahou Carnival - Statistics

General Stats
  • This quiz has been taken 6 times
  • The average score is 8 of 16
Answer Stats
Question Answer % Correct
Who supplies Punahou Carnival with rides? E K Fernandez
75%
When is Carnival? (month) February
75%
Who was at Punahou Carnival 2023? Justin Bieber
75%
When was the first Punahou Carnival? 1932
50%
What was the theme for Punahou Carnival 2021? A Carnival Out of This World
50%
What was the theme for Punahou Carnival 2018? A Worldwide Ride
50%
What was the theme for Punahou Carnival 2022? Back in Time to '99
50%
What was the theme for Punahou Carnival 2017? Back to the 50's
50%
What was the theme for Punahou Carnival 2024? Explore the Shore '24
50%
What is a Punahou specialty, dating back to Miki Bowers? Malasadas
50%
What was the theme for Punahou Carnival 2020? Music Through the Ages
50%
What was the theme for Punahou Carnival 2019? The Greatest Show on Earth
50%
What was the theme for Punahou Carnival 2015? Island Style
25%
What was the theme for Punahou Carnival 2023? Pun Prix '23
25%
What was the theme for Punahou Carnival 2016? Rewind the Time
25%
What was the theme for Punahou Carnival 2014? New York, New York, The Carnival That Never Sleeps
0%
No matching quizzes found
Score Distribution
Percent of People with Each Score
Percentile by Number Answered
Your Score History
You have not taken this quiz